Statistics for Länder i Europa

Click here to take the quiz!

General Stats

  • This quiz has been taken 2 493 times
    (1 742 since last reset)
  • The average score is 33 of 49

Answer Stats

Svar% Correct
Sverige
94%
Norge
93%
Finland
92%
Danmark
88%
Ryssland
87%
Island
86%
Spanien
86%
Tyskland
86%
Estland
82%
Frankrike
82%
Portugal
82%
Lettland
81%
Belgien
77%
Litauen
77%
Polen
77%
Albanien
76%
Italien
76%
Slovakien
76%
Belarus
74%
Grekland
74%
Irland
74%
Nederländerna
73%
Andorra
72%
Ukraina
71%
Slovenien
70%
Kroatien
67%
Turkiet
67%
Luxemburg
66%
Serbien
66%
Bosnien
65%
Österrike
64%
Bulgarien
62%
Rumänien
62%
Malta
61%
Kosovo
60%
Tjeckien
60%
Schweiz
59%
Ungern
59%
San Marino
58%
Moldavien
57%
Monaco
57%
Nordmakedonien
56%
Storbritannien
56%
Vatikanstaten
54%
Montenegro
53%
Liechtenstein
37%
Georgien
27%
Kazakstan
13%
Azerbajdzjan
11%

Score Distribution

Percentile by Number Answered

Percent of People with Each Score

Your Score History

You have not taken this quiz since the last reset